La divisin̤ de la cosa comn︢ en el cd̤igo civil

Detalles Bibliográficos
Autor principal: Abella Rubio, Jos ̌Mara̕
Formato: Desconocido
Lenguaje:español
Publicado: Madrid : Dykinson, 2005
Edición:2da ed
Materias:
Acceso en línea:Acceso restringido

MARC

LEADER 00000ny a22000003n 4500
005 20110621120829.0
006 m u
007 cr cn|||||||||
008 200606r2005 sp |||||s|||||||||||spa d
020 |a 9788497726474 
035 |a 1286 
040 |a FlNmELB  |c FlNmELB  |d vlex 
050 1 4 |a JC571  |b A141 2005eb 
080 |a 347 
090 |c 1288  |d 1288 
100 1 |a Abella Rubio, Jos ̌Mara̕ 
245 1 3 |a La divisin̤ de la cosa comn︢ en el cd̤igo civil  |h [Recurso electrn̤ico]  |c Jos ̌Mara̕ Abella Rubio 
250 |a 2da ed 
256 |a Servicio en ln̕ea 
260 |a Madrid :  |b Dykinson,  |c 2005 
300 |a [19]-420 p 
506 1 |a Contenido solo disponible en los productos indicados  |d vLex Global  |d vLex Global (Academic Edition, excluding Law Schools)  |d vLex Global (U.S. Academic Edition, Law Schools)  |d vLex Global (U.S. Academic Edition, excluding Law Schools)  |d vLex Global (Academic Edition, Law Schools) 
650 0 7 |a Derecho civil  |2 Tesauro vLex 
650 0 7 |a Condominio  |2 Tesauro vLex 
650 0 7 |a Civil  |2 Tesauro vLex 
650 0 7 |a Divisin̤ de cosa comn︢  |2 Tesauro vLex 
650 0 7 |a Procesal  |2 Tesauro vLex 
650 0 7 |a Accin̤ de divisin̤ de la cosa comn︢  |2 Tesauro vLex 
740 0 |a vLex Libros (Servicios en ln̕ea) 
856 4 0 |u http://vlex.com/source/1286  |z Acceso restringido 
942 |c BOOK